Normal view
MARC view
- Dr. Waqar A Khan.
Entry Personal Name
001 - CONTROL NUMBER
- control field: 29958
003 - CONTROL NUMBER IDENTIFIER
- control field: NUST
005 - DATE AND TIME OF LATEST TRANSACTION
- control field: 20200907115846.0
008 - FIXED-LENGTH DATA ELEMENTS
- fixed length control field: 200907|| aca||aabn | a|a d
040 ## - CATALOGING SOURCE
- Original cataloging agency: NUST
- Transcribing agency: NUST
100 ## - HEADING--PERSONAL NAME
- Personal name: Dr. Waqar A Khan.
670 ## - SOURCE DATA FOUND
- Source citation: Work cat.: (NUST): Mirza. Akbar 29956, MHD BOUNDARY LAYER FLOW AND HEAT TRANSFER OVER A FLAT PLATE : INTEGRAL APPROACH /, 2013.
